000
00318nam a22001337a 4500
008
250514b |||||||| |||| 00| 0 eng d
020
_a
0070095892
050
_a
HD9743
_b
.C34
100
_a
HESSING, Anne
245
_a
Controlling Future Arms Trade
260
_a
U.S.A
_b
Alexander
_c
1977
300
_a
210p.
942
_c
BK
999
_c
3461
_d
3461